000
00342 a2200157 4500
001
74368
020
_a
9788561521417
040
_c
Anchieta - Colégio São Paulo
100
_a
Villas Boas, Marion
240
1
0
_a
O esqueleto
_l
por
245
1
0
_a
O esqueleto
300
_a
16
362
0
_a
2011
650
4
_a
Literatura infantil
942
_c
BK
999
_c
74368
_d
74368